Porovnanie krajín Európskej únie na základe vybraných ukazovateľov vedy, techniky a digitálnej ekonomiky bakalárska práca

Gespeichert in:
Bibliographische Detailangaben
1. Verfasser: Bellová, Marta
Körperschaft: Fakulta hospodárskej informatiky EU. Katedra štatistiky
Weitere Verfasser: Sušienková, Katarína, 1967-
Format: Buch
Sprache:Slowakisch
Veröffentlicht: Bratislava 2018
Tags: Tag hinzufügen
Keine Tags, Fügen Sie das erste Tag hinzu!

MARC

LEADER 00000nbm a2200000 4500
001 0245367
005 20181010083034.2
041 0 |a slo 
044 |a SK 
245 1 0 |a Porovnanie krajín Európskej únie na základe vybraných ukazovateľov vedy, techniky a digitálnej ekonomiky  |b bakalárska práca  |c Marta Bellová ; školiteľ: Katarína Sušienková 
264 1 |a Bratislava  |c 2018 
300 |a 45 s. 
100 1 |a Bellová, Marta 
700 1 |a Sušienková, Katarína, 1967- 
710 2 |a Fakulta hospodárskej informatiky EU. Katedra štatistiky